000
00313nam a22001337a 4500
008
181030b xxu||||| |||| 00| 0 eng d
020
_a
9780534528058
041
_a
eng
080
_2
3 ED
_a
370
100
_a
45
101
_a
EDU
245
_a
Understanding Generaalist Practice
_c
Kirstr.K.K
942
_2
udc
_c
BK
999
_c
51182
_d
51182